<?xml version="1.0" encoding="UTF-8"?>
<record
    xmlns:xsi="http://www.w3.org/2001/XMLSchema-instance"
    xsi:schemaLocation="http://www.loc.gov/MARC21/slim http://www.loc.gov/standards/marcxml/schema/MARC21slim.xsd"
    xmlns="http://www.loc.gov/MARC21/slim">

  <leader>01615nam a2200205 a 4500</leader>
  <controlfield tag="008">161215t1990    spaa|||g  ||| 001 1bspa d</controlfield>
  <datafield tag="020" ind1=" " ind2=" ">
    <subfield code="a">8485481062</subfield>
  </datafield>
  <datafield tag="041" ind1=" " ind2=" ">
    <subfield code="a">spa</subfield>
  </datafield>
  <datafield tag="092" ind1=" " ind2=" ">
    <subfield code="c">809</subfield>
    <subfield code="l">47</subfield>
    <subfield code="s">LEO</subfield>
  </datafield>
  <datafield tag="100" ind1="1" ind2=" ">
    <subfield code="a">Le&#xF3;n Roca, J. L.</subfield>
    <subfield code="9">3141</subfield>
  </datafield>
  <datafield tag="245" ind1=" " ind2=" ">
    <subfield code="a">Vicente Blasco Iba&#xF1;ez</subfield>
    <subfield code="c">J. L. Le&#xF3;n Roca</subfield>
  </datafield>
  <datafield tag="250" ind1=" " ind2=" ">
    <subfield code="a">4a ed.</subfield>
    <subfield code="b">Fotografias Colecci&#xF3;n de Do&#xF1;a Libertad Blasco y archivo del autor</subfield>
  </datafield>
  <datafield tag="260" ind1=" " ind2=" ">
    <subfield code="a">Valencia [Espa&#xF1;a]:</subfield>
    <subfield code="b">S/E;</subfield>
    <subfield code="c">1990.</subfield>
  </datafield>
  <datafield tag="300" ind1=" " ind2=" ">
    <subfield code="a">585 p.</subfield>
  </datafield>
  <datafield tag="500" ind1=" " ind2=" ">
    <subfield code="a">Le&#xF3;n Roca, J. L. (1990). Vicente Blasco Iba&#xF1;ez. (4a ed.). Espa&#xF1;a : El autor.</subfield>
  </datafield>
  <datafield tag="505" ind1=" " ind2=" ">
    <subfield code="a">Esta biograf&#xED;a de Vicente Blasco Ib&#xE1;&#xF1;ez goz&#xF3;, en su d&#xED;a, de los elogios de la cr&#xED;tica, que la consider&#xF3; como el relato m&#xE1;s minucioso y documentado de la vida del ilustre novelista. Pero, con ser valiosa la opini&#xF3;n de los cr&#xED;ticos, m&#xE1;s rotunda fue la aceptaci&#xF3;n de la obra por parte del p&#xFA;blico lector, que vio en ella un monumento de admiraci&#xF3;n y verosimilitud hacia el personaje biografiado. A trav&#xE9;s de sus p&#xE1;ginas, en ameno y siempre claro relato, va apareciendo la vida agitada de novelista en sus primeros a&#xF1;os de lucha, as&#xED; como sus campa&#xF1;as period&#xED;sticas. Confundido con su vida de acci&#xF3;n, que le llev&#xF3; cinco veces al Congreso como diputado republicano por Valencia, aparece, cronol&#xF3;gicamente, la creaci&#xF3;n de su copiosa obra literaria, a la que acompa&#xF1;an las cr&#xED;ticas de las novelas que, como La barraca, Entre naranjos y Ca&#xF1;as y barro, por citar las m&#xE1;s representativas, merecieron los m&#xE1;s calurosos aplausos.</subfield>
  </datafield>
  <datafield tag="590" ind1=" " ind2=" ">
    <subfield code="a">Donaci&#xF3;n An&#xF3;nimo. Proyecto 4to libro</subfield>
  </datafield>
  <datafield tag="655" ind1=" " ind2=" ">
    <subfield code="a">Biograf&#xED;a</subfield>
    <subfield code="9">3142</subfield>
  </datafield>
  <datafield tag="942" ind1=" " ind2=" ">
    <subfield code="2">ddc</subfield>
    <subfield code="c">LIT</subfield>
  </datafield>
  <datafield tag="999" ind1=" " ind2=" ">
    <subfield code="c">2290</subfield>
    <subfield code="d">2290</subfield>
  </datafield>
  <datafield tag="952" ind1=" " ind2=" ">
    <subfield code="0">0</subfield>
    <subfield code="1">0</subfield>
    <subfield code="2">ddc</subfield>
    <subfield code="4">0</subfield>
    <subfield code="7">0</subfield>
    <subfield code="8">FIC</subfield>
    <subfield code="a">BFM</subfield>
    <subfield code="b">BFM</subfield>
    <subfield code="c">CR</subfield>
    <subfield code="d">2017-02-20</subfield>
    <subfield code="e">Donaci&#xF3;n An&#xF3;nimo. 2016</subfield>
    <subfield code="l">0</subfield>
    <subfield code="o">809 47 LEO</subfield>
    <subfield code="p">3775</subfield>
    <subfield code="r">2017-02-20</subfield>
    <subfield code="t">Ej.1</subfield>
    <subfield code="w">2017-02-20</subfield>
    <subfield code="y">LIT</subfield>
    <subfield code="z">Proyecto 4to libro</subfield>
  </datafield>
</record>
